|
|
|
|
| LEADER |
00000cam a2200000 7i4500 |
| 001 |
0000000853 |
| 005 |
20001016.0 |
| 090 |
0 |
0 |
|a 582.16095986
|b TRE 1989
|
| 245 |
0 |
0 |
|a TREE flora of Indonesia :
|b Check list for Bali, Nusa Tenggara and Timor; compiled by K. Sidiyasa ... [et al.]
|c edited by T. C. Whitmore, I. G. M. Tantra and U. Sutisna
|
| 260 |
0 |
0 |
|a Bogor, Indonesia :
|b Forest Research and Development Centre ,
|c 1989
|
| 300 |
|
|
|a vi, 119 p. :
|b ill. ;
|c 22 cm.
|
| 650 |
0 |
0 |
|a Botany
|z Indonesia
|
| 650 |
0 |
0 |
|a Plants
|
| 700 |
0 |
1 |
|a Sidiyasa
|h K.
|
| 700 |
0 |
1 |
|a Sutisna
|h U.
|
| 700 |
0 |
1 |
|a Tantra
|h I. G. M.
|
| 700 |
0 |
1 |
|a WHITMORE
|h T. C. [
|q (Timothy Charles)]
|
| 999 |
|
|
|a 0000001949
|b Monograph
|c Reference
|e Default branch
|